Normal view
MARC view
- South Carolina
Entry Geographic Name
001 - CONTROL NUMBER
- control field: 96620
003 - CONTROL NUMBER IDENTIFIER
- control field: NUST
005 - DATE AND TIME OF LATEST TRANSACTION
- control field: 20220806170850.0
008 - FIXED-LENGTH DATA ELEMENTS
- fixed length control field: 220806|| aca||aabn | a|a d
040 ## - CATALOGING SOURCE
- Original cataloging agency: NUST
- Transcribing agency: NUST
151 ## - HEADING--GEOGRAPHIC NAME
- Geographic name: South Carolina
- General subdivision: Economic conditions
- Chronological subdivision: 19th century
670 ## - SOURCE DATA FOUND
- Source citation: Work cat.: (NUST)0: Hill Edwards, Justene, author. 96616, Unfree markets :
